01839nam a2200349 i 450000500170000000700030001700800410002002000180006104000350007904100170011404300120013108400110014310000300015424500760018425000320026026400400029230000470033233600270037933700330040633800280043952004500046752100420091753400280095965000510098765000480103865000350108670000460112194200150116799900150118295201540119795201380135120220317000110.0ta200419s2011 sp a gr 000 0 spa d a9788426102768 aCO-BoRNBPbspaerdacCO-BoRNBP1 aspahe-fr--- ae-be--- aH HER51 aHergéd1907-1983eautor13aEl secreto del unicorniocHergé ; traducido por Concepción Zendrera aVigésima quinta edición 1aBarcelona, EspañabJuventudc2011 a62 páginasbilustraciones a colorc29 cm atextobtxt2rdacontent asin mediaciónbn2rdamedia avolumenbnc2rdacarrier aRebuscando en el desván, el capitán Haddock encuentra el rastro de su ancestro, el caballero de Hadoque. Este legendario lobo de mar se hizo famoso por su encontronazo con el cruel pirata Rackham el Rojo. ¿Un relato marítimo más? ¡En absoluto! Porque el caballero se convierte en el depositario de un tesoro fabuloso. Para Tintín, Haddock y una serie de maleantes se trata de descubrirlo. Pero las pistas y los enigmas se multiplican aRecomendado a partir de los 9 años  tLe Secret de La Licorne17aHistorietas juveniles belgasySiglo XX2ARMARC17aLiteratura infantil belgaySiglo XX2ARMARC17aAventurasvHistorietas2ARMARC1 aZendrera, Concepciónetraductora912015 2loccBKLIT c3105d3105 001040708InfPoTiaMEVIGERRbMEVIGERRcSInfd2018-09-28l2m1oH HER5pECA27040r2025-07-08 09:44:49s2025-05-31tEj.2w2024-11-26yBKz1350 | 1620 001040708012aMEVIGERRbMEVIGERRcLITd2004-08-05hVol.1oH HER5pECA15744r2024-11-26 09:06:24tEj.1w2024-11-26yBKz1350 | 1619